| 000 | 01407cam a2200409 a 4500 | ||
|---|---|---|---|
| 001 | 13561874 | ||
| 003 | OSt | ||
| 005 | 20140310182821.0 | ||
| 008 | 040416s2003 enka 001 0 eng d | ||
| 010 | _a 2004299095 | ||
| 020 | _a1841125814 | ||
| 035 | _a(OCoLC)ocm54678048 | ||
| 040 |
_aVYF _cVYF _dDLC |
||
| 042 | _alccopycat | ||
| 050 | 0 | 0 |
_aHF 5438.5 _b.L434 2003 |
| 082 |
_2M 650.1 _bL47 2003 |
||
| 100 | 1 |
_aLeach, John, _d1965- |
|
| 245 | 1 | 0 |
_aPitch perfect _bfeel the impact of a winning sales approach _cLeach , John |
| 260 |
_aChichester, West Sussex _bCapstone _cc2003 |
||
| 300 |
_a222 p. _bill. _c23 cm. |
||
| 500 | _aIncludes index. | ||
| 521 | _ahigh school to college student | ||
| 526 | _c0L -1700L | ||
| 541 | _j1 | ||
| 562 | _e1 | ||
| 650 | 0 | _aSales promotion. | |
| 650 | 0 | _aSuccess in business. | |
| 650 | 0 | _aRelationship marketing. | |
| 650 | 0 | _aSales personnel. | |
| 700 | 1 | _aMoon, John. | |
| 856 | 4 | 2 |
_3Contributor biographical information _uhttp://www.loc.gov/catdir/bios/wiley047/2004299095.html |
| 856 | 4 | 2 |
_3Publisher description _uhttp://www.loc.gov/catdir/description/wiley041/2004299095.html |
| 856 | 4 | 1 |
_3Table of contents _uhttp://www.loc.gov/catdir/toc/fy044/2004299095.html |
| 906 |
_a7 _bcbc _ccopycat _d2 _encip _f20 _gy-gencatlg |
||
| 942 |
_2lcc _cBK _kM |
||
| 999 |
_c16390 _d16390 |
||